Ciencias naturales 7

Uloženo v:
Podrobná bibliografie
Médium: Kniha
Jazyk:španělština
Vydáno: Santiago Arrayán 1995
Vydání:8a. ed
Témata:
Tagy: Přidat tag
Žádné tagy, Buďte první, kdo vytvoří štítek k tomuto záznamu!

MARC

LEADER 00000nam a2200000 a 4500
001 UCZ0488
003 CL-VaPUC
008 950728e19950000CL |||||||||||||||||spa|d
082 0 4 |a 372.35  |b CIE  |2 21 
245 1 0 |a Ciencias naturales 7 
250 |a 8a. ed 
300 |a 190 p 
942 |c BK 
945 |d 19950728 00:00:00  |a mfernand 
260 |a Santiago  |b Arrayán  |c 1995 
650 0 |a Ciencias naturales  |9 260542 
650 7 |a ENSEÑANZA DE LAS CIENCIAS NATURALES  |2 CL-VaPUC  |9 343374 
650 0 |a Libros de texto  |9 270019 
583 |a last modification  |c 19950728 00:00:00  |k Rodrigo Vera 
999 |c 237410  |d 237408 
952 |0 0  |1 0  |4 0  |6 372_350000000000000_CIE_1995  |7 0  |8 P  |9 246444  |a BIBEDU  |b BIBEDU  |c BIBEDU_PB  |d 2019-11-18  |i 1549278  |o 372.35 CIE 1995  |p 1549278  |r 2024-01-25  |w 2019-11-18  |y BK  |k EDU